00679cam a2200217 4500001001300000003000400013005001700017008004100034010001700075025002000092040001800112050001600130100002400146245006000170260008200230300002500312490003800337504003100375650003800406999001700444sa 68016657 DLC20260227112656.0710520s1967 ii b 000 0 eng  asa 68016657  aPL480:I-E-10745 aDLCcDLCdDLC00aBR127b.J322 aJai Singh, Herbert.10aInter-religious dialogue,cedited by Herbert Jai Singh. aBangalore,bChristian Institute for the Study of Religion and Society,c1967. aviii, 237 p.c19 cm.0 aDevanandan memorial volume, no. 3 aBibliographical footnotes. 0aChristianity and other religions. c87235d87235